000 00284nam a2200109Ia 4500
008 190216s9999||||xx |||||||||||||| ||und||
100 _aPattam G Ramachandran Nair
245 0 _aMalayalam-Mahacharithamala
260 _bKairali Childrens Book Trust
650 _aMalayalam
942 _cBK
999 _c25581
_d25581